| 000 | 00550nam a2200181 i 4500 | ||
|---|---|---|---|
| 001 | 46179 | ||
| 003 | ES-MaACL | ||
| 005 | 20251011063104.0 | ||
| 007 | t| | ||
| 008 | 030328s1932 sp ||||1| spa d | ||
| 100 | 1 |
_aComas, Margarita, _d1892-1972 _939938 |
|
| 245 | 1 | 3 |
_aLa coeducación de los sexos / _cpor Margarita Comas. |
| 260 |
_aMadrid : _bRevista Española de Pedagogía, _c1932 ( _fTip. Nacional) |
||
| 300 |
_a108 p. : _bil. ; _c19 cm. |
||
| 650 | 0 | 4 |
_aCoeducación. _911132 |
| 852 |
_aES-MaACL _jA-1135 |
||
| 999 |
_c46179 _d46179 |
||